Anh hùng Lam Sơn

Wedi'i Gadw mewn:
Manylion Llyfryddiaeth
Fformat: Llyfr
Iaith:Undetermined
Pynciau:
Tagiau: Ychwanegu Tag
Dim Tagiau, Byddwch y cyntaf i dagio'r cofnod hwn!
Thư viện lưu trữ: Trung tâm Học liệu Trường Đại học Cần Thơ
LEADER 00370nam a2200145Ia 4500
001 CTU_102293
008 210402s9999 xx 000 0 und d
082 |a 959.7092 
082 |b A107 
245 0 |a Anh hùng Lam Sơn 
650 |a Vietnam 
650 |x History,Biography 
904 |i M. Loan 
915 |a 900 
980 |a Trung tâm Học liệu Trường Đại học Cần Thơ